Slovenský oštiepok
Na minha lista:
| Autor principal: | |
|---|---|
| Formato: | Capítulo de Livro |
| Idioma: | eslovaco |
| Assuntos: | |
| Tags: |
Sem tags, seja o primeiro a adicionar uma tag!
|
MARC
| LEADER | 00000nla a2200000 4500 | ||
|---|---|---|---|
| 001 | 0228788 | ||
| 005 | 20240502073750.8 | ||
| 041 | 0 | |a slo | |
| 044 | |a SK | ||
| 245 | 1 | 0 | |a Slovenský oštiepok |c Alena Donovalová |
| 610 | 2 | 0 | |a potraviny |
| 610 | 2 | 0 | |a mlieko |
| 610 | 2 | 0 | |a pôvod tovaru |
| 610 | 2 | 0 | |a regióny |
| 610 | 2 | 0 | |a Slovensko |
| 610 | 2 | 0 | |a výroba |
| 610 | 2 | 0 | |a postupy výrobné |
| 610 | 2 | 0 | |a história |
| 610 | 2 | 0 | |a označovanie tovarov |
| 610 | 2 | 0 | |a značky kvality |
| 100 | 1 | |a Donovalová, Alena, 1986- | |